[Event "Ter Apel"]
[Site "Ter Apel"]
[Date "1996.??.??"]
[Round "4"]
[White "Svidler, Peter"]
[Black "Oll, Lembit"]
[Result "1-0"]
[WhiteElo "2630"]
[BlackElo "2640"]
[Annotator "Bangiev"]
[PlyCount "47"]
[EventDate "1996.03.??"]
[EventType "tourn"]
[EventRounds "5"]
[EventCountry "NED"]
[EventCategory "15"]
[Source "ChessBase"]
[SourceDate "1996.08.01"]
[WhiteTeamCountry "EST"]
[BlackTeamCountry "RUS"]

1. e4 {Donev  Blatny,P} d5 2. exd5 Qxd5 3. Nc3 Qa5 4. d4 Nf6 5. Nf3 c6 6. Bc4
Bf5 7. Bd2 e6 8. Ne4 $5 {Ein seltener, jedoch keinewegs harmloser Zug. Sein
Ziel besteht darin, den Springer c3 mit Tempogewinn nach g3 zu überführen.} (8.
Nh4 {Blatny,P} Bg6 9. Nxg6 hxg6 10. Qf3 Qf5 $1 11. Qe2 Qg4 12. f3 Qh4+ 13. Qf2
(13. g3 $4 Qxg3+ 14. hxg3 Rxh1+ $19 {_|_}) 13... Bd6 14. Ne2 Qxf2+ 15. Kxf2
Nbd7 16. Bf4 Bxf4 17. Nxf4 g5 18. Nd3 g4 $10 {
_|_ Polgar,J-Hansen,Cu/Biel izt (06)/1993/}) (8. h3 {Blatny,P} Nbd7 9. Qe2 Bb4
10. a3 Nd5 11. Nxd5 Bxd2+ 12. Qxd2 Qxd2+ 13. Kxd2 cxd5 14. Be2 Rc8 15. Rhc1 Ke7
16. b3 $14 {_|_ Hracek,Z-Hansen,MS/BL2-N 9394/1994/}) 8... Qd8 (8... Qb6 $6 9.
Nxf6+ gxf6 10. O-O $5 (10. Bc3 Nd7 11. Qe2 (11. O-O O-O-O 12. Qe1 Qc7 $132)
11... O-O-O 12. O-O-O (12. Nh4 Bg6) 12... Qc7 13. g3 Bg4 14. h3 Bh5 15. g4 Bg6
16. Nh4 Nb6 17. Nxg6 hxg6 18. Bb3 $15 {
Erler,R-Ochs,H/2.BLO 9495 Griesheim-Anhalt [7] 1994/0-1 (46)}) (10. a4 Qxb2 11.
Bb3 Be4 $1) 10... Qxb2 11. Rb1 Qxc2 12. Qxc2 Bxc2 13. Rxb7 $36 Be4 14. Re1 $5
Bxf3 (14... Bd5 15. Bxd5 cxd5 16. Rc1 Nd7 17. Rxa7 $1 $16) 15. Bxe6 $3 fxe6 16.
Rxe6+ Kd8 17. Ba5+ $18) 9. Ng3 Bg6 (9... Bg4 10. c3 Nbd7 (10... Nh5 {Blatny,P}
11. Qb3 Nxg3 12. hxg3 Bxf3 13. Qxb7 Bxg2 14. Rh2 Nd7 15. Rxg2 Qc8 $6 (15... Rb8
) 16. Ba6 $1 Qxb7 17. Bxb7 Rb8 18. Bxc6 Rxb2 19. Ba4 $1 $16 {
^^_|_ Golod,V-Sergeev,Vl/Hlohovec op/1994/}) 11. h3 Bxf3 12. Qxf3 {
Donev: +/= Weiß besitzt das Läuferpaar und Raumvorteil.} Bd6 13. Ne2 Qc7 14. g4
O-O 15. g5 Nd5 16. O-O-O b5 17. Bd3 c5 18. Kb1 c4 19. Be4 N7b6 20. h4 Rae8 21.
Rdg1 b4 $132 {Bologan,V-Ionov,S/RUS-chT Kazan (03) ;CBM 51 1995/1-0 (50)}) 10.
h4 $5 {
Ein logischer Zug. Es droht 11.h5, was die Stellung von Schwarz schwächen soll.
} (10. c3 Nbd7 11. O-O (11. h4 h6 12. h5 Bh7 13. Qe2 Bd6 14. Bd3 Bxd3 15. Qxd3
Qa5 16. c4 Bb4 17. Qb3 Bxd2+ 18. Nxd2 O-O-O 19. Qc3 Qxc3 20. bxc3 c5 $36 {
_|_ Bergmann,M-Delveborn,I/Stockholm op (04)/1995/}) 11... Be7 12. Qe2 Nd5 13.
Rad1 O-O 14. Bc1 Qc7 15. Ne5 Nxe5 16. dxe5 Rad8 $10 {
Goldberg,A-Jackelen,T/BL 9394 Bochum-Dresden [5] 1993/1-0 (50)} (16... Rad8 {
Blatny,P} 17. Bxd5 Rxd5 18. Rxd5 cxd5 19. f4 Qc4 20. Qxc4 dxc4 21. Be3 Bd3 $15
{^^_|_ Goldberg,A-Jackelen,T/BL 9394/1994/})) 10... Nh5 (10... Bd6 11. h5 (11.
Ne5 Nbd7 12. Qe2 Qb6 $132) 11... Be4 (11... Bxg3 $4 12. hxg6 Bc7 13. gxf7+ $18)
12. h6 $5 $36 (12. Nxe4 {Blatny,P} Nxe4 13. c3 $14)) (10... h5 11. Bg5 Nbd7 12.
Qe2 $14) 11. Qe2 Nd7 (11... Nxg3 12. fxg3 Bxc2 13. Bc3 (13. g4 Bd6 14. Bg5 Qa5+
15. Kf2 Ba4 16. Bxe6 O-O) (13. Bg5 Qa5+ 14. Kf2 Bf5 15. a3 $44) (13. O-O $1 {
Blatny,P  <->f} Be7 14. Bc3 $1 Bg6 (14... Bf5 15. Ne5 $40) 15. Ne5 Rf8 16. h5
Bf5 17. g4 f6 $8 18. gxf5 fxe5 19. Qxe5 (19. h6 $5 gxh6 20. Qh5+ Kd7 21. Bxe6+
Kc7 22. dxe5 Bc5+ 23. Kh1 $18 {_|_}) 19... exf5 20. Rxf5 Rf6 21. Rxf6 gxf6 22.
Qe6 $18 {><Ke8}) 13... Bf5 14. Ne5 Be7 15. O-O $44) 12. O-O-O Bd6 13. Ne5 (13.
Nxh5 Bxh5 14. d5 cxd5 15. Bxd5) 13... Nxg3 14. fxg3 $14 {
Es droht schon wieder 15.h5 mit noch mehr weißer Initiative.} Bxe5 (14... h5 $2
15. Nxg6) 15. dxe5 h5 (15... h6 16. h5 (16. Rhf1 $1 O-O (16... Qe7 {Blatny,P}
17. h5 Bh7 18. Qg4 Rg8 19. Qf4 $14) 17. Bb4 Re8 18. Bd3 Bxd3 19. Rxd3 Qc7 20.
Bd6 Qa5 21. Ra3 $1 Qb5 22. c4 Qb6 23. Raf3 f6 24. exf6 gxf6 25. Rxf6 $1 Nxf6
26. Rxf6 Qg1+ (26... h5 {Blatny,P} 27. Qe5 Qg1+ 28. Kc2 Qxg2+ 29. Kb3 $18) 27.
Kc2 Qd4 28. Be5 $18) 16... Bh7 17. Qg4 $36) 16. Bb4 $5 {Donev: Von b4
kontrolliert der B die geschwächten schwarzen Felder und verhindert die kurze
Rochade.} Qb6 (16... Bf5 17. Rhf1 $1 g6 (17... Qc7 18. Rxf5 $1 exf5 19. e6
O-O-O $8 20. e7 Rde8 21. Bd6 Qb6 22. Bxf7 Qa6 23. Qe6 $18 Rh6 $140 24. Qxf5 Rf6
25. Bxe8 $1 (25. Qxh5 {Blatny,P}) 25... Rxf5 26. Bf4 $3 Rd5 27. Bxh5 $1 Rxd1+ (
27... Nf6 {Blatny,P} 28. Bg4+ $1) 28. Bxd1 Nf6 29. Bg4+ Nxg4 30. e8=Q#) (17...
Bg4 {Blatny,P} 18. Qf2 Bf5 19. Qd4 Qc7 20. Rxf5 exf5 21. e6 fxe6 (21... O-O-O
22. exd7+ Rxd7 23. Qxd7+ Qxd7 24. Rxd7 Kxd7 25. Bxf7 $18 {_|_}) 22. Bxe6 O-O-O
(22... Nf6 23. Bxf5 Kf7 (23... Rh6 24. Qe3+) 24. Qc4+ Nd5 25. Rxd5 $18) 23.
Qxa7 c5 24. Bxc5 b6 25. Rxd7 Qxa7 (25... Rxd7 26. Qa8+ Qb8 27. Qc6+ $18) 26.
Rxa7+ Kb8 27. Bxb6 Rd6 28. Bc7+ Kxa7 29. Bxd6 $18) 18. Qe1 Qb6 {-- game}) 17.
Qe1 $1 Bf5 (17... O-O-O 18. Ba5 Qc5 19. Qc3 $1 $16 (19. Bxd8 $4 Qxc4 $19) 19...
Rde8 $2 (19... Be4 {Blatny,P} 20. Bxd8 Rxd8 21. Rhf1 (21. Rxd7 $5 Rxd7 22. Bxe6
Qxc3 23. Bxd7+ Kxd7 24. Rd1+ Ke6 25. bxc3 Bd5 $16) 21... Qe7 22. Rf2 $18 {_|_})
(19... b6 $2 20. Bb4 Qxe5 21. Ba6+ Kb8 22. Rxd7 Qxc3 23. Bd6+ Ka8 24. Bb7#) (
19... Qxe5 $2 20. Rxd7 $18) (19... b5 20. Bxd8 Qxc4 21. Qxc4 bxc4 22. Ba5 Nxe5
23. Bc3 $18 {_|_}) 20. Rxd7 $1 $18) 18. Rf1 g6 (18... Nxe5 $6 19. Qxe5 Qxb4 20.
Rxf5 Qxc4 21. Rd7 $1 (21. Qxg7 $16) 21... Kxd7 22. Rxf7+ Ke8 23. Qc7 $18) (
18... O-O-O 19. Ba5 Qc5 20. Qc3 $16) (18... a5 19. Bc3 $16) (18... Rh6 {
Donev  /\Rg6} 19. Qd2 $1 Qc7 (19... Nxe5 20. Qd6 c5 21. Qxe5 Qxb4 22. Qxg7 Qxc4
23. Rxf5 $1 $18) 20. Qg5 $18) 19. Qc3 $16 Nc5 (19... Qc7 $142 {Blatny,P} 20.
Bd6 Qb6 21. a4 $40) 20. Rf4 (20. Ba5 $2 {Blatny,P} Na4 21. Qb4 Qxb4 22. Bxb4
Nb6 $14) 20... Ne4 $2 (20... a5 {Blatny,P} 21. Ba3 Nd7 22. Rfd4 Nf8 (22... Rd8
23. Qd2 Qc7 24. Bd6 Qb6 25. Qg5 $18) 23. Qe3 Qc7 24. Bd6 Qc8 (24... Qb6 25. Bc5
Qc7 26. Rd6 a4 27. Bb6 Qe7 28. Qd2 $18) 25. Bc5 $1 b5 26. Qg5 Qc7 27. Qf6 Rh7
28. Rd7 $18) 21. Qe1 {Donev: Der Haupnachteil der schwarzen Stellung sind die
schlecht stehenden Türme auf a8 und h8 und der unrochierte König e8. Im
Gegenteil dazu sind die weißen Figuren gut plaziert und harmonieren wunderbar.}
Rh7 (21... Nc5 22. Ba5 $18 {Donev: Und die Dame hat keine Fluchtfelder mehr.})
(21... a5 $142 {Blatny,P} 22. Ba3 Nc5 23. Qf2 Na4 24. Rfd4 Qc7 25. Rd7 Qxd7 26.
Rxd7 Kxd7 27. Qd4+ Kc8 28. Bb3 b5 29. Bxa4 Ra6 (29... bxa4 30. Qb6 $18) 30.
Bxb5 cxb5 31. Qc5+ Kd7 (31... Kb7 32. Qxb5+ Rb6 33. Qd7+ Ka8 34. Bc5 Rb7 35.
Qd6 $18) 32. Qxb5+ Rc6 33. Bd6 Rhc8 34. c3 $18) 22. Ba5 Qc5 23. Bd3 Nxg3 24.
Bb4 1-0

[Event "Ter Apel"]
[Site "Ter Apel"]
[Date "1996.??.??"]
[Round "5"]
[White "Oll, Lembit"]
[Black "Andersson, Ulf"]
[Result "1/2-1/2"]
[WhiteElo "2640"]
[BlackElo "2630"]
[PlyCount "37"]
[EventDate "1996.03.??"]
[EventType "tourn"]
[EventRounds "5"]
[EventCountry "NED"]
[EventCategory "15"]
[Source "ChessBase"]
[SourceDate "1996.08.01"]
[WhiteTeamCountry "EST"]
[BlackTeamCountry "RUS"]

1. e4 e6 2. d4 d5 3. Nc3 Nf6 4. e5 Nfd7 5. Nce2 c5 6. c3 Nc6 7. f4 b5 8. a3
cxd4 9. Nxd4 Nxd4 10. cxd4 b4 11. axb4 Bxb4+ 12. Bd2 Qb6 13. Nf3 a5 14. Bd3 Ba6
15. Bxa6 Rxa6 16. O-O O-O 17. Ra4 Bxd2 18. Qxd2 Rb8 19. Rfa1 1/2-1/2

[Event "NED-chT playoff"]
[Site "Breda"]
[Date "1996.05.??"]
[Round "4"]
[White "Sokolov, Ivan"]
[Black "Oll, Lembit"]
[Result "1/2-1/2"]
[WhiteElo "2665"]
[BlackElo "2640"]
[PlyCount "90"]
[EventDate "1996.05.??"]
[EventType "team"]
[EventRounds "2"]
[EventCountry "NED"]
[Source "ChessBase"]
[SourceDate "2001.11.25"]
[WhiteTeamCountry "EST"]
[BlackTeamCountry "RUS"]

1. d4 d5 2. c4 c6 3. Nc3 Nf6 4. Nf3 e6 5. Bg5 Nbd7 6. cxd5 cxd5 7. e3 Be7 8.
Bd3 O-O 9. O-O b6 10. Ne5 Bb7 11. f4 Ne4 12. Bxe4 dxe4 13. Bxe7 Qxe7 14. Qa4
Nf6 15. f5 exf5 16. Rxf5 Ne8 17. Raf1 Nd6 18. R5f2 f6 19. Nc4 Nf7 20. Rf4 Qe6
21. Rd1 Rfd8 22. Qb5 Rac8 23. Nd2 Nd6 24. Qh5 Qf7 25. Qxf7+ Kxf7 26. d5 g5 27.
Rf2 Re8 28. Rdf1 f5 29. Rxf5+ Nxf5 30. Rxf5+ Kg6 31. g4 Rxc3 32. bxc3 Bc8 33.
Rf2 Bxg4 34. Nc4 Bf3 35. Rd2 Kf6 36. Rd4 Rd8 37. Kf2 Bh5 38. Nd2 Bg6 39. Kg3 b5
40. c4 bxc4 41. Nxc4 Bf7 42. d6 Bxc4 43. Rxc4 Rxd6 44. Rxe4 Rd3 45. a4 h5
1/2-1/2

[Event "Antwerp op"]
[Site "Antwerp"]
[Date "1996.??.??"]
[Round "1"]
[White "Meulders, Richard"]
[Black "Oll, Lembit"]
[Result "0-1"]
[WhiteElo "2265"]
[BlackElo "2620"]
[Annotator "Meulders"]
[PlyCount "68"]
[EventDate "1996.07.??"]
[EventType "swiss"]
[EventRounds "9"]
[EventCountry "BEL"]
[Source "ChessBase"]
[SourceDate "1996.11.15"]
[WhiteTeamCountry "EST"]
[BlackTeamCountry "RUS"]

1. d4 Nf6 2. c4 e6 3. Nc3 Bb4 4. e3 c5 5. Bd3 cxd4 6. exd4 d5 7. cxd5 Nxd5 8.
Nge2 Nc6 9. O-O Nf6 10. a3 Bd6 11. h3 $6 {Unnoetige Prophylaxe.} (11. Bc2 $5 h6
12. Qd3 e5 $6 {ist riskant.} (12... O-O 13. Ne4 Nxe4 14. Qxe4 f5 15. Qf3 g5 $2
16. Qh5 $1 {geht auch zuguensten von Weiss aus.}) 13. d5 e4 14. Nxe4 Ne5 15.
Nxd6+ Qxd6 16. Qg3 {und Schwarz hat keine Kompensation fuer den Bauer.}) 11...
h6 $5 12. Ne4 $6 (12. Be3 $142 O-O 13. Rc1 $1 Ne7 14. Bb1 Nf5 15. Bxf5 exf5 16.
d5 $13) 12... Be7 13. Be3 $6 {
Begibt sich ins Maul von Sf6. 13.b4, Idee 14.Lb2 ist eine Alternative.} Nd5 $1
14. Rc1 O-O 15. Nc5 $6 {Sieht zwar aktiv aus, aber wahrscheinlich haette Weiss
sofort den Blockeur Sd5 mit 15.Se2-c3 befragen muessen.} e5 $1 16. Be4 Nxe3 17.
fxe3 Bg5 18. Rc3 (18. Rf3 $2 exd4 $19) 18... exd4 19. exd4 Rb8 $1 {
Jetzt, da er die Initiative erobert hat, hat Schwarz die Stellung im Griff.}
20. b4 (20. Nxb7 Bxb7 21. Bxc6 Bxc6 22. Rxc6 Rxb2 23. d5 Qe7 $17) 20... Ne7 $15
{Auch das zweite Roessel moechte sich auf d5 installieren.} 21. d5 $6 {
Verhindert das obengenannte Manoever, aber jetzt bekommen die schwarze Lauefer
noch mehr Spielraum.} (21. Rcf3 $5 b6 22. Na4 Ba6 $140 23. Nac3) 21... b6 22.
Nb3 Ba6 23. Re1 Bh4 $1 24. g3 Bf6 25. Rf3 Qd6 $1 26. Nbd4 Qe5 $1 $17 27. Re3 {
Die weissen Figuren wirken so krumm zusammen, dass Materialverlust bald
unabwendbar ist.} (27. Qb1 Bxe2 28. Nxe2 Nxd5 $17 29. Rf5 Nc3 30. Rxe5 Nxb1 31.
Rd5 Nc3 $17) 27... Kh8 28. Nf3 $6 (28. Qb3 Bg5 $1 $19) (28. b5 Nxd5 29. Nc6
Nxe3 30. Nxe5 Nxd1 31. bxa6 Bxe5 32. Rxd1 Rfd8 $19) 28... Bxe2 $1 $19 29. Qxe2
Qxg3+ 30. Kh1 Qxh3+ 31. Nh2 Qd7 32. Bg2 $2 Nf5 33. Ng4 Nxe3 34. Nxf6 Qf5 $1 {
Akkurat bis zum Ende.} (34... gxf6 $2 35. Qxe3 Qf5 36. Qxh6+ Qh7 37. Qxh7+ Kxh7
38. Re7 a6 39. d6 Rbd8 40. d7 Kg7 41. Bb7 a5 42. b5 f5 43. Bc6 Kf6 44. Re3 {
laesst Weiss noch einige Ueberlebenschancen.}) 0-1

[Event "Antwerp op"]
[Site "Antwerp"]
[Date "1996.??.??"]
[Round "2"]
[White "Oll, Lembit"]
[Black "Dutreeuw, Marc"]
[Result "1-0"]
[WhiteElo "2620"]
[BlackElo "2390"]
[PlyCount "91"]
[EventDate "1996.07.??"]
[EventType "swiss"]
[EventRounds "9"]
[EventCountry "BEL"]
[Source "ChessBase"]
[SourceDate "1996.11.15"]
[WhiteTeamCountry "EST"]
[BlackTeamCountry "RUS"]

1. e4 e5 2. Nf3 Nc6 3. Bb5 a6 4. Ba4 Nf6 5. d3 b5 6. Bb3 Be7 7. O-O d6 8. c3
O-O 9. Re1 Na5 10. Bc2 c5 11. Nbd2 Re8 12. Nf1 Bf8 13. Bg5 h6 14. Bh4 Be7 15.
Ne3 Nd7 16. Bxe7 Qxe7 17. d4 Nb6 18. b3 Qf6 19. Qd2 Ra7 20. Rad1 Rae7 21. Qc1
Nb7 22. a4 bxa4 23. bxa4 Na5 24. dxc5 dxc5 25. Qa3 Rc7 26. Bd3 Bb7 27. c4 Bc8
28. Qc3 Nc6 29. a5 Nd7 30. Nd5 Qd8 31. Nxc7 Qxc7 32. Bc2 Nd4 33. Ba4 Re6 34.
Bxd7 Bxd7 35. Nxd4 cxd4 36. Qb4 Rc6 37. Rc1 Rc5 38. Qb6 Qxb6 39. axb6 Bc8 40.
Kf1 Bb7 41. f3 Kf8 42. Ke2 Ke7 43. Kd3 Kd6 44. f4 exf4 45. Kxd4 f6 46. Rf1 1-0

[Event "Antwerp op"]
[Site "Antwerp"]
[Date "1996.??.??"]
[Round "6"]
[White "Oll, Lembit"]
[Black "Kuijf, Marinus"]
[Result "1-0"]
[WhiteElo "2620"]
[BlackElo "2475"]
[PlyCount "91"]
[EventDate "1996.07.??"]
[EventType "swiss"]
[EventRounds "9"]
[EventCountry "BEL"]
[Source "ChessBase"]
[SourceDate "1996.11.15"]
[WhiteTeamCountry "EST"]
[BlackTeamCountry "RUS"]

1. c4 e6 2. d4 d5 3. Nc3 c6 4. e4 dxe4 5. Nxe4 Bb4+ 6. Bd2 Qxd4 7. Bxb4 Qxe4+
8. Be2 Ne7 9. Qd2 c5 10. Bxc5 Nbc6 11. Nf3 O-O 12. O-O-O Qf5 13. Qg5 Qxg5+ 14.
Nxg5 f6 15. Ne4 e5 16. Ba3 a5 17. Bc5 Bf5 18. Bf3 Be6 19. b3 Rac8 20. Kb2 a4
21. Rhe1 axb3 22. axb3 b6 23. Bxb6 Rb8 24. c5 Nc8 25. Nd6 N6e7 26. Bb7 Nxb6 27.
cxb6 Nf5 28. Bd5 Bxd5 29. Rxd5 Ne7 30. Rb5 Rfd8 31. Nc4 Rd5 32. Rb4 Nc6 33. Ra4
Nd4 34. Rea1 Rb5 35. R1a3 h5 36. Ra5 Kf8 37. Rxb5 Nxb5 38. Ra5 Nd4 39. Ra7 Ne6
40. Ka3 Nd4 41. Ka4 e4 42. Rd7 Ne6 43. Kb5 Ke8 44. Rd1 Ke7 45. Na5 f5 46. Nc6+
1-0

[Event "Antwerp op"]
[Site "Antwerp"]
[Date "1996.??.??"]
[Round "7"]
[White "Legky, Nikolay"]
[Black "Oll, Lembit"]
[Result "1/2-1/2"]
[WhiteElo "2540"]
[BlackElo "2620"]
[PlyCount "126"]
[EventDate "1996.07.??"]
[EventType "swiss"]
[EventRounds "9"]
[EventCountry "BEL"]
[Source "ChessBase"]
[SourceDate "1996.11.15"]
[WhiteTeamCountry "EST"]
[BlackTeamCountry "RUS"]

1. d4 Nf6 2. c4 e6 3. Nc3 Bb4 4. e3 c5 5. Nge2 cxd4 6. exd4 d5 7. c5 Ne4 8. Bd2
Nxd2 9. Qxd2 Qd7 10. a3 Ba5 11. g3 O-O 12. Bg2 Nc6 13. O-O Bd8 14. b4 Bf6 15.
b5 Ne7 16. Rab1 Qc7 17. a4 Bd7 18. Rfd1 a6 19. Qb2 Rfb8 20. Qb4 g6 21. f4 Nf5
22. Rd3 Be7 23. Qb2 axb5 24. axb5 Ra5 25. Kh1 Bf6 26. Qd2 Rba8 27. Bh3 Ra1 28.
Bxf5 Rxb1+ 29. Nxb1 Bxb5 30. Nbc3 Bc4 31. Bg4 Bxd3 32. Qxd3 b6 33. cxb6 Qxb6
34. Kg2 Qb4 35. h4 Ra3 36. h5 Kg7 37. Qe3 Ra6 38. Bf3 Rc6 39. g4 Kf8 40. f5 g5
41. fxe6 fxe6 42. h6 Qc4 43. Qd2 Rc8 44. Qe3 Kf7 45. Nd1 Rb8 46. Qa3 Rb3 47.
Qa7+ Be7 48. Nf2 Rb2 49. Qa8 Rxe2 50. Bxe2 Qxe2 51. Qh8 Qc2 52. Qg7+ Ke8 53.
Kf3 Qb1 54. Qg8+ Kd7 55. Qg7 Qc2 56. Ke3 Qc1+ 57. Ke2 Qf4 58. Qxh7 Qxd4 59. Qg7
Qf6 60. Nd3 e5 61. Nxe5+ Ke8 62. Qg8+ Bf8 63. Qxd5 Bxh6 1/2-1/2

[Event "Antwerp op"]
[Site "Antwerp"]
[Date "1996.??.??"]
[Round "8"]
[White "Oll, Lembit"]
[Black "Wells, Peter"]
[Result "1-0"]
[WhiteElo "2620"]
[BlackElo "2475"]
[PlyCount "75"]
[EventDate "1996.07.??"]
[EventType "swiss"]
[EventRounds "9"]
[EventCountry "BEL"]
[Source "ChessBase"]
[SourceDate "1996.11.15"]
[WhiteTeamCountry "EST"]
[BlackTeamCountry "RUS"]

1. e4 c6 2. d3 d5 3. Nd2 g6 4. g3 Bg7 5. Bg2 e5 6. Ngf3 Ne7 7. O-O O-O 8. Re1
Qc7 9. c3 a5 10. b3 b6 11. Qc2 Rd8 12. Bb2 Ba6 13. d4 Nd7 14. a3 Rac8 15. Bh3
exd4 16. cxd4 c5 17. e5 Nf8 18. Bxc8 Rxc8 19. dxc5 bxc5 20. e6 Nxe6 21. Bxg7
Kxg7 22. b4 c4 23. Qc3+ Kg8 24. Qf6 Nc6 25. b5 Bxb5 26. Rxe6 fxe6 27. Qxe6+ Kh8
28. Qxd5 Na7 29. Ne5 c3 30. Ne4 Bc6 31. Nxc6 Qxc6 32. Qe5+ Kg8 33. Re1 Qc7 34.
Qe6+ Kh8 35. Nd6 c2 36. Nxc8 c1=Q 37. Qf6+ Kg8 38. Ne7+ 1-0

[Event "Dieren op"]
[Site "Dieren"]
[Date "1996.??.??"]
[Round "5"]
[White "Oll, Lembit"]
[Black "Timmerman, Gert Jan"]
[Result "1-0"]
[WhiteElo "2620"]
[BlackElo "2285"]
[PlyCount "57"]
[EventDate "1996.07.??"]
[EventType "swiss"]
[EventRounds "9"]
[EventCountry "NED"]
[Source "ChessBase"]
[SourceDate "2000.11.22"]
[WhiteTeamCountry "EST"]
[BlackTeamCountry "RUS"]

1. d4 f5 2. g3 Nf6 3. Bg2 g6 4. c4 Bg7 5. Nc3 d6 6. Nf3 O-O 7. O-O c6 8. b3 Na6
9. Bb2 Ne4 10. Rc1 Nxc3 11. Bxc3 Qc7 12. d5 Bxc3 13. Rxc3 e5 14. dxe6 Bxe6 15.
Ng5 Bf7 16. Rd3 Rad8 17. Qd2 Nc5 18. Rd4 Rfe8 19. Nxf7 Kxf7 20. Rd1 a5 21. h4
Re6 22. h5 Kg8 23. Bf3 Ne4 24. Bxe4 fxe4 25. hxg6 hxg6 26. Qg5 Rf8 27. Rxe4
Ref6 28. f3 Qf7 29. Qe3 1-0

[Event "Dieren op"]
[Site "Dieren"]
[Date "1996.??.??"]
[Round "7"]
[White "Oll, Lembit"]
[Black "Beim, Valery"]
[Result "1-0"]
[WhiteElo "2620"]
[BlackElo "2570"]
[PlyCount "79"]
[EventDate "1996.07.??"]
[EventType "swiss"]
[EventRounds "9"]
[EventCountry "NED"]
[Source "ChessBase"]
[SourceDate "2000.11.22"]
[WhiteTeamCountry "EST"]
[BlackTeamCountry "RUS"]

1. d4 f5 2. g3 Nf6 3. Bg2 d6 4. Nf3 e6 5. O-O Be7 6. c4 O-O 7. Nc3 a5 8. Re1
Ne4 9. Bf4 Bf6 10. Qc2 Nxc3 11. bxc3 Nc6 12. Rad1 Ne7 13. h4 Ng6 14. Bc1 d5 15.
cxd5 exd5 16. c4 c6 17. cxd5 cxd5 18. Ne5 Be6 19. Qb3 Rb8 20. Nxg6 hxg6 21. Bf4
Rc8 22. Qxb7 Rc4 23. e3 Qc8 24. Rb1 Rc2 25. a3 Qxb7 26. Rxb7 Rfc8 27. Rb5 a4
28. Bd6 R8c3 29. Bxd5 Bxd5 30. Rxd5 Rb3 31. Ra5 Rbb2 32. Rf1 g5 33. hxg5 Bxg5
34. g4 g6 35. gxf5 Bh4 36. Ra8+ Kf7 37. Ra7+ Kg8 38. fxg6 Bxf2+ 39. Kh1 Rb6 40.
Rd7 1-0

[Event "Dieren op"]
[Site "Dieren"]
[Date "1996.??.??"]
[Round "8"]
[White "Van der Weide, Karel"]
[Black "Oll, Lembit"]
[Result "1/2-1/2"]
[WhiteElo "2365"]
[BlackElo "2620"]
[PlyCount "23"]
[EventDate "1996.07.??"]
[EventType "swiss"]
[EventRounds "9"]
[EventCountry "NED"]
[Source "ChessBase"]
[SourceDate "2000.11.22"]
[WhiteTeamCountry "EST"]
[BlackTeamCountry "RUS"]

1. e4 c5 2. Nf3 Nc6 3. d3 g6 4. g3 Bg7 5. Bg2 e5 6. O-O Nge7 7. c3 d5 8. exd5
Nxd5 9. Re1 O-O 10. Nbd2 h6 11. Nc4 Re8 12. Qb3 1/2-1/2

[Event "Dieren op"]
[Site "Dieren"]
[Date "1996.??.??"]
[Round "9"]
[White "Oll, Lembit"]
[Black "Janssen, Ruud"]
[Result "1-0"]
[WhiteElo "2620"]
[BlackElo "2270"]
[PlyCount "81"]
[EventDate "1996.07.??"]
[EventType "swiss"]
[EventRounds "9"]
[EventCountry "NED"]
[Source "ChessBase"]
[SourceDate "2000.11.22"]
[WhiteTeamCountry "EST"]
[BlackTeamCountry "RUS"]

1. e4 c5 2. Nf3 e6 3. d4 cxd4 4. Nxd4 Nf6 5. Nc3 Nc6 6. Ndb5 Bc5 7. Bf4 O-O 8.
Bc7 Qe7 9. Bd6 Bxd6 10. Qxd6 Qd8 11. O-O-O a6 12. Nd4 Qb6 13. Nxc6 bxc6 14. f3
a5 15. Na4 Qb4 16. b3 Qxd6 17. Rxd6 Ne8 18. Rd3 d5 19. Rc3 Nf6 20. Bd3 Rd8 21.
Re1 Bb7 22. Nb6 Ra7 23. Rc5 Kf8 24. e5 Nd7 25. Nxd7+ Rxd7 26. f4 Ke7 27. g4 h6
28. Kb2 Kd8 29. Kc3 Kc7 30. Kd4 Kb6 31. c3 Rd8 32. a4 Rh8 33. Bc2 h5 34. g5 g6
35. b4 Ba8 36. Rb1 Kc7 37. b5 Rb8 38. c4 dxc4 39. Be4 Kd8 40. b6 Ra6 41. Bxc6
1-0